Open Data Biblioteca Nacional de Portugal


República Portuguesa: Ministério da Cultura
Biblioteca Nacional de Portugal

Catálogo da BNP: acesso por Identificadores Unívocos
Registos Bibliográficos associados ao registo de autoridade

Etiqueta de registo: 00254nam 2200025 450
001 2104482
003 http://id.bnportugal.gov.pt/bib/catbnp/2104482
021 ## $aPT$b499783/22
100 ## $a20220712d2022 m y0pory01030103ba
101 1# $apor$bspa$cgag
102 ## $aPT
105 ## $ay z 000gy
106 ## $ar
200 1# $aFogos$fIsmael Ramos$gtrad. Daniel Ferreira
210 #9 $aCoimbra$cLado Esquerdo,$d2022
215 ## $a66, [5] p.$d18 cm
304 ## $aTít. orig.: Fuegos
675 ## $a821.134.2-1"20"$vBN$zpor$31108534
700 #1 $aRamos,$bIsmael,$f1994-$31851916
702 #1 $aFerreira,$bDaniel Marques,$f1949-$4730$345388
801 #0 $aPT$bBN$gRPC
856 41 $uhttp://rnod.bnportugal.gov.pt/ImagesBN/winlibimg.aspx?skey=&doc=2104482&img=167823&save=true
900 ## $aBIBNAC$d20220826
966 ## $lBN$mFGMON$sL. 118648 P.$x1
971 ## $cfatima$d20220712
972 ## $d2022082$e0$vlrevez$z0
973 ## $cmlsousa$d20220818
975 ## $e0$d20221229$vevalente

Etiqueta de registo: 00254nam 2200025 450
001 2285013
003 http://id.bnportugal.gov.pt/bib/catbnp/2285013
010 ## $a978-989-36383-6-1
021 ## $aPT$b558775/26
100 ## $a20260422d2026 m y0pory01030103ba
101 1# $apor
102 ## $aPT
105 ## $ay z 000gy
106 ## $ar
200 1# $aLigeiro$fIsmael Ramos$gtrad. Daniel Ferreira
210 #9 $aPorto$cOfficium Lectionis,$d2026
215 ## $a48, [3] p.$d22 cm
675 ## $a821.134.2-1"20"$vBN$zpor$31108534
700 #1 $aRamos,$bIsmael,$f1994-$31851916
702 #1 $aFerreira,$bDaniel Marques,$f1949-$4730$345388
801 #0 $aPT$bBN$gRPC
856 41 $uhttp://rnod.bnportugal.gov.pt/ImagesBN/winlibimg.aspx?skey=&doc=2285013&img=223281&save=true
966 ## $lBN$mFGMON$sL. 182192 V.$x1
966 ## $lBN$mFGMON$sL. 182192 V.-D$x1
971 ## $cssilva$d20260422
973 ## $csteixeira$d20260615

OpendataBNP@bnportugal.pt | Mais informação sobre acesso aos dados BNP